<?xml version="1.0" encoding="UTF-8"?><?xml-stylesheet type="text/xsl" href="static/style.xsl"?><OAI-PMH xmlns="http://www.openarchives.org/OAI/2.0/" xmlns:xsi="http://www.w3.org/2001/XMLSchema-instance" xsi:schemaLocation="http://www.openarchives.org/OAI/2.0/ http://www.openarchives.org/OAI/2.0/OAI-PMH.xsd"><responseDate>2026-05-14T06:36:18Z</responseDate><request verb="GetRecord" identifier="oai:riubu.ubu.es:10259/6691" metadataPrefix="marc">https://riubu.ubu.es/oai/request</request><GetRecord><record><header><identifier>oai:riubu.ubu.es:10259/6691</identifier><datestamp>2023-02-06T10:51:33Z</datestamp><setSpec>com_10259_7354</setSpec><setSpec>com_10259_7353</setSpec><setSpec>com_10259_2604</setSpec><setSpec>com_10259_7321</setSpec><setSpec>com_10259_4144</setSpec><setSpec>com_10259.4_106</setSpec><setSpec>com_10259_3822</setSpec><setSpec>com_10259_5086</setSpec><setSpec>com_10259_6251</setSpec><setSpec>col_10259_7389</setSpec><setSpec>col_10259_7322</setSpec><setSpec>col_10259_7320</setSpec><setSpec>col_10259_7318</setSpec></header><metadata><record xmlns="http://www.loc.gov/MARC21/slim" xmlns:doc="http://www.lyncode.com/xoai" xmlns:xsi="http://www.w3.org/2001/XMLSchema-instance" xmlns:dcterms="http://purl.org/dc/terms/" xsi:schemaLocation="http://www.loc.gov/MARC21/slim http://www.loc.gov/standards/marcxml/schema/MARC21slim.xsd">
<leader>00925njm 22002777a 4500</leader>
<datafield tag="042" ind1=" " ind2=" ">
<subfield code="a">dc</subfield>
</datafield>
<datafield tag="720" ind1=" " ind2=" ">
<subfield code="a">Medina Arnáiz, Teresa</subfield>
<subfield code="e">author</subfield>
</datafield>
<datafield tag="720" ind1=" " ind2=" ">
<subfield code="a">Gutiérrez González, Sara</subfield>
<subfield code="e">author</subfield>
</datafield>
<datafield tag="720" ind1=" " ind2=" ">
<subfield code="a">Alameda Cuenca-Romero, Lourdes</subfield>
<subfield code="e">author</subfield>
</datafield>
<datafield tag="720" ind1=" " ind2=" ">
<subfield code="a">Martínez González, Alicia</subfield>
<subfield code="e">author</subfield>
</datafield>
<datafield tag="720" ind1=" " ind2=" ">
<subfield code="a">Cámara Arzúa, Soraya</subfield>
<subfield code="e">author</subfield>
</datafield>
<datafield tag="260" ind1=" " ind2=" ">
<subfield code="c">2022</subfield>
</datafield>
<datafield tag="520" ind1=" " ind2=" ">
<subfield code="a">Con esta guía, de carácter marcadamente práctico, la Universidad de Burgos refuerza su compromiso por la Sostenibilidad y el Desarrollo Humano Sostenible, recogidos en sus estatutos, en la Declaración de la CRUE de 2005 de las Universidades sobre compra verde, y en la Declaración Institucional de la UBU a favor del Comercio Justo y el Consumo Responsable. El documento presenta una primera sección de referencias legales que avalan la incorporación de aspectos sociales, éticos y medioambientales en los procedimientos de adjudicación contractual. Exponiendo a continuación las ventajas de este tipo de contratación, así como una serie de pautas para incluir cláusulas de Comercio Justo en las diferentes fases del proceso de contratación. También se incluyen ejemplos de contratos de servicios o suministros en los que se pueden insertar criterios éticos, así como una relación de consejos para una compra responsable y sostenible.</subfield>
</datafield>
<datafield tag="024" ind2=" " ind1="8">
<subfield code="a">978-84-18465-27-7</subfield>
</datafield>
<datafield tag="024" ind2=" " ind1="8">
<subfield code="a">http://hdl.handle.net/10259/6691</subfield>
</datafield>
<datafield tag="024" ind2=" " ind1="8">
<subfield code="a">10.36443/9788418465277</subfield>
</datafield>
<datafield ind1=" " ind2=" " tag="653">
<subfield code="a">Contratación pública responsable</subfield>
</datafield>
<datafield ind1=" " ind2=" " tag="653">
<subfield code="a">Criterios éticos</subfield>
</datafield>
<datafield ind1=" " ind2=" " tag="653">
<subfield code="a">Universidad</subfield>
</datafield>
<datafield ind1=" " ind2=" " tag="653">
<subfield code="a">Sostenibilidad</subfield>
</datafield>
<datafield ind1=" " ind2=" " tag="653">
<subfield code="a">Consumo responsable</subfield>
</datafield>
<datafield ind1=" " ind2=" " tag="653">
<subfield code="a">Comercio justo</subfield>
</datafield>
<datafield tag="245" ind1="0" ind2="0">
<subfield code="a">Guía de buenas prácticas para la contratación ética de servicios y bienes, que promueva la sostenibilidad</subfield>
</datafield>
</record></metadata></record></GetRecord></OAI-PMH>